000 00478nmm a2200157Ia 4500
008 251105s9999||||xx |||||||||||||||||und||
020 _a9788497885782
041 _aspa
100 _aPerinat Maceres, Adolfo
245 0 _aPsicología del desarrollo. Un enfoque sistémico
264 _a[Madrid, España] :
_bUniversitat Oberta de Catalunya,
_c2007
300 _a422 páginas
650 _aPsychology
856 _uhttps://public.digitaliapublishing.com/a/1044
942 _cCF
999 _c90694
_d90694